00337nam a2200121 a 4500008004100000050002100041100002000062245004000082260004500122300001900167350000900186650002000195120416s1973 ||||||||||||||||| || u aQE 501.4.P35 Mac aMcElhinny, M. W10aPalaeomagnetism and plate tectonics aLondonbCambridge University Pressc1973 ax, 357p. : ill a0.00 aPLATE TECTONICS